| 000 | 00806nam a22002057a 4500 | ||
|---|---|---|---|
| 999 |
_c16506 _d16506 |
||
| 003 | AR-CdUCM | ||
| 008 | 190503b ||||| |||| 00| 0 spa d | ||
| 040 |
_aMUNICIPALIDAD PROVINCIAL DEL CUSCO _cBIBLIOTECA MUNICIPAL DEL CUSCO |
||
| 082 |
_a983.13 / _bL23 |
||
| 100 |
_aLatcham, Ricardo A. _935981 |
||
| 245 |
_aChuquicamata, estado yankee : _bvisión de Montaña Roja / |
||
| 260 |
_aSantiago : _bNascimento, _c1926. |
||
| 300 |
_a192 páginas ; _c19 cm. |
||
| 505 | _aContenido: Chuquicamata -- Tratamiento -- Algo sobre las finanzas de la compañía -- La condición económica del obrero y del empleado -- La condición social ... | ||
| 650 |
_aCobre _935982 |
||
| 650 |
_aMinas y minería _935983 |
||
| 650 |
_aChuquicamata (Antofagasta) _935984 |
||
| 942 |
_2ddc _cLIBROS |
||
| 945 |
_aachl _d2019-05-03 |
||